000 00706nam a2200241 4500
001 1719611
003 PILC
005 20150905100152.0
008 720811s1972 ilua 000 0 eng
010 _a 72189539
020 _a0878220062
040 _aDLC
_cDLC
_dDLC
050 0 0 _aLB 3011
_b.C323 1972
082 0 0 _a371.1/02
100 1 _aCarter, Ronald D.
245 1 0 _aHelp! These kids are driving me crazy /
_cRonald D. Carter.
260 _aChampaign, Ill. :
_bResearch Press Co.,
_c1972.
300 _a112 pages :
_billustrations ;
_c22 cm.
500 _aIncludes appendix.
650 0 _aClassroom management.
906 _a7
_bcbc
_corignew
_d2
_encip
_f19
_gy-gencatlg
942 _2lcc
_cBK
_kFOR
999 _c284597
_d284597